Представление документа в формате MARC21

Поле Инд. ПП Название Значение
Тип записи a
Библиографический уровень b
001 Контрольный номер 681a9f4a7f5c4233ac86918c366225d0
005 Дата корректировки 20210820145703.8
040 a Служба первич. каталог. РИНЦ
041 0_ a Код языка текста rus
084 a Индекс другой классификации/Индекс ББК 26.2; 26.3
097 a Чагина С.Г.
097 a Костикова Н.В.
100 1_ a Автор Кашик А. С.
100 1_ a Автор Гогоненков Г. Н.
q Полное имя Гогоненков Георгий Николаевич
c Титул (звания) доктор технических наук
i 100093306
k Кафедра общей и прикладной геофизики; Факультет естественных и инженерных наук
u Дополнение Гогоненков Г. Н.
100 1_ a Автор Мануков В. С.
245 10 a Заглавие АО "Центральная геофизическая экспедиция" : основные направления и результаты научно-производственной деятельности
550 a Прим. об изд. организации Кафедра общей и прикладной геофизики; Факультет естественных и инженерных наук
650 04 a Основная рубрика науки о Земле; геофизика; геология
773 18 t Название источника Минеральные ресурсы России. Экономика и управление
b Сведения об издании ООО "РГ-Информ"
c Москва
d Место и дата издания 2016
m Специф. данные журнал из перечня ВАК
m Специф. данные ненулевой импакт-фактор
n Примечание http://elibrary.ru/contents.asp?issueid=1582576
g Прочая информация № 3. - С. 78 - 80
w Контрольный № источника 8e66b4b09ae64f4eb205e1958fd1bf64
856 40 u URL http://elibrary.ru/item.asp?id=26136427
901 t Тип документа b
952 c Вид литературы статья в журнале